00650cam a22002171 4500001001300000003000400013005001700017008004100034010001700075035001900092040002800111042001200139050002200151082001500173110003800188245005700226260006100283300004400344650002700388999001700415ca 36001540 DLC20260227111144.0830418s1920 vauk 000 0 eng  aca 36001540  a(OCoLC)9421003 aDLCcVidVidOCoLCdDLC apremarc00aHG2563b.F45 1920 a332.1109732 aFederal Reserve Bank of Richmond.10aQuestions and answers on the Federal Reserve system. aRichmond, Va.,bFederal Reserve Bank of Richmond,c1920. avi, 101 p.bfront., fold. form.c20 cm. 0aFederal Reserve banks. c18316d18316